LEADER 01020nam a2200229 i 4500 001 000000237957 003 CaOOAMICUS 005 20150115000000.0 008 150115s1905 it u000 u fre u 013 $a216862 040 $aSeMil$bita 100 1 $aWelschinger, Henri.$0(OLS)http://semarc/name/10909 245 13$aLe Pape et l'Empereur :$b1804-1815 /$cHenri Welschinger. 260 $aParis :$bPlon-Nourrit & Cie,$c1905. 300 $aIV, 473 p. ;$c24 cm. 600 04$aPio VII .$0(OLS)http://semarc/subject/4922 650 4$aPio VII [e] Napoleone Bonaparte - Concordato (1801).$0(OLS)http://semarc/subject/5008 650 4$aChiesa e Stato - Francia - Sec. 17.-19.$0(OLS)http://semarc/subject/13138 850 $aSeMil 852 $aSeMil$W1$xVenegono$y1$m3C III 30 FA$j188303$B188303$CSeMilBibl$Z2$F199107 $8I 996 $6245$aLe Pape et l'Empereur :$b1804-1815$9(OLS)http://semarc/title/339171 996 $6260$aParis :$bPlon-Nourrit & Cie$9(OLS)http://semarc/publisher/54335 LEADER 00871nam a2200217 i 4500 001 000000012482 003 CaOOAMICUS 005 20250703160332.0 008 180830n it u000 u ita u 040 $aSeMil$bita 100 1 $aCasati, Giovanni.$0(OLS)http://semarc/name/1063 245 10$aDizionario degli scrittori d'Italia :$b(dalle origini fino ai viventi) /$cGiovanni Casati. 260 $aMilano :$bGhirlanda,$c[19--]?. 300 $av. ;$c24 cm. 650 4$aScrittori italiani - Enciclopedie e dizionari.$0(OLS)http://semarc/subject/552 774 0 $tVol. 1.$w()131447 774 0 $tVol. 2.$w()131449 774 0 $tVol. 3.$w()131403 996 $6245$aDizionario degli scrittori d'Italia :$b(dalle origini fino ai viventi)$9(OLS)http://semarc/title/16584 996 $6260$aMilano :$bGhirlanda$9(OLS)http://semarc/publisher/33445